书目信息 |
| 题名: |
企业集团:创新、蜕变与成长
|
|
| 作者: | 张建忠 著 | |
| 分册: | ||
| 出版信息: | 北京 社会科学文献出版社 2000.07 |
|
| 页数: | 375页 | |
| 开本: | 32开 | |
| 丛书名: | ||
| 单 册: | ||
| 中图分类: | F273.7 | |
| 科图分类: | ||
| 主题词: | 企业经济 | |
| 电子资源: | ||
| ISBN: | 7-80149-358-3 | |
| 000 | 00587nam0 2200193 45 | |
| 001 | 0010211693 | |
| 005 | 20001021164542.0 | |
| 010 | @a7-80149-358-3@d23.00元 | |
| 100 | @a20001021d2000 km y0chiy0120 ea | |
| 101 | 0 | @achi |
| 105 | @a z 000yy | |
| 200 | 1 | @a企业集团:创新、蜕变与成长@AQi Ye Ji Tuan:Chuang Xin、Tui Bian Yu Cheng Zhang@f张建忠 著@FZhang Jian Zhong Zhu |
| 210 | @a北京@c社会科学文献出版社@d2000.07 | |
| 215 | @a375页@d32开 | |
| 606 | 0 | @a企业经济 |
| 690 | @aF273.7@v3 | |
| 701 | 0 | @a张建忠@4著 |
| 801 | @aCN@bPftUser@c20001021 | |
| 905 | @b180908-912@dF273.7@eZH967@f5 | |
| 企业集团:创新、蜕变与成长/张建忠 著.-北京:社会科学文献出版社,2000.07 |
| 375页;32开 |
| ISBN 7-80149-358-3:23.00元 |
| ● |
| 相关链接 |
|
|
|
正题名:企业集团:创新、蜕变与成长
索取号:F273.7/ZH967
 
预约/预借
| 序号 | 登录号 | 条形码 | 馆藏地/架位号 | 状态 | 备注 |
| 1 | 180908 | 201809089 | 社科库409/409社科库 93排1列5层/ [索取号:F273.7/ZH967] | 在馆 | |
| 2 | 180909 | 201809098 | 社科库409/409社科库 93排1列5层/ [索取号:F273.7/ZH967] | 在馆 | |
| 3 | 180910 | 201809105 | 社科库409/422社科库 37排2列5层/ [索取号:F273.7/ZH967] | 在馆 | |
| 4 | 180911 | 201809114 | 社科库409/409社科库 93排1列5层/ [索取号:F273.7/ZH967] | 在馆 | |
| 5 | 180912 | 201809123 | 社科库409/422社科库 37排2列5层/ [索取号:F273.7/ZH967] | 在馆 |